Vybrané aspekty informačného manažmentu v podnikoch na Slovensku habilitačná práca

Salvato in:
Dettagli Bibliografici
Autore principale: Hamranová, Anna, 1957-
Ente Autore: Fakulta podnikového manažmentu EU. Katedra informačného manažmentu
Altri autori: Majtán, Miroslav
Natura: Libro
Lingua:slovacco
Pubblicazione: Bratislava 2017
Soggetti:
Tags: Aggiungi Tag
Nessun Tag, puoi essere il primo ad aggiungerne!!

MARC

LEADER 00000nbm a2200000 4500
001 0246244
005 20230217112817.1
041 0 |a slo 
044 |a SK 
245 1 0 |a Vybrané aspekty informačného manažmentu v podnikoch na Slovensku  |b habilitačná práca  |c Anna Hamranová ; oponent: Miroslav Majtán... [et al.] 
264 1 |a Bratislava  |c 2017 
300 |a 203 s. 
610 2 0 |a manažment informačný 
610 2 0 |a digitalizácia 
610 2 0 |a informácie 
610 2 0 |a podnik 
610 2 0 |a Slovensko 
100 1 |a Hamranová, Anna, 1957- 
700 1 |a Majtán, Miroslav 
710 2 |a Fakulta podnikového manažmentu EU. Katedra informačného manažmentu